000
00352nam a2200157Ia 4500
003
OSt
005
20240203151337.0
008
170523s9999 xx 000 0 und d
020
_a
978-0844235981
040
_c
iimt university meerut
100
_a
BENNETT- PETER D
245
0
_a
MARKETING
260
_b
MC GRAW HILL
260
_c
1988
942
_2
ddc
_c
02
999
_c
278
_d
278